000 00176 a2200097 4500
020 _a9781476715667
041 _aeng
100 _aFlynn,Vince
245 _aKill shot
942 _cBK
999 _c8463
_d8463